Guess 50 Anime by First Episode Names - Statistics

General Stats
  • This quiz has been taken 472 times
  • The average score is 8 of 50
Answer Stats
Japanese Name English Name Anime % Correct
暗殺の時間 Assassination Time Assassination Classroom
84%
その執事、有能 His Butler, Able Black Butler
70%
黒子はボクです I am Kuroko Kuroko's Basketball
66%
てめーらァァァ!!それでも銀魂ついてんのかァァァ You Jerks! And You Claim to Have Gintama Gintama
64%
剣の世界 The World of Swords Sword Art Online
56%
今日から君はホストだ Starting Today, You Are a Host! Ouran High School Host Club
55%
二千年後の君へ-シンガンシナ歓楽①- To You, in 2000 Years: The Fall of Shiganshina, Part 1 Attack on Titan
53%
虎と竜 Tiger and Dragon Toradora!
42%
廃部! Disband the Club! K-ON!
28%
こうして彼らのまちがった青春が始まる Youth Romantic Comedy is Wrong, as I Expected My Teen Romantic Comedy SNAFU
24%
俺が妹と恋をするわけがない There's No Way I Could Love My Sister Ore no Imōto ga Konna ni Kawaii Wake ga Nai
20%
悲劇 Tragedy Tokyo Ghoul
18%
桜舞い散る坂道で On the Hillside Path Where the Cherry Blossoms Flutter Clannad
16%
加速 Acceleration Accel World
15%
- Departure Angel Beats!
15%
伝統ある古典部の再生 The Revival of the Long-Estabilished Classic Literature Club Hyōka
15%
闇を斬る Kill the Darkness Akame ga Kill!
13%
超平和バスターズ Super Peace Busters Ano Hana: The Flower We Saw That Day
13%
魔神が生まれた日 The Day a New Demon was Born Code Geass: Lelouch of the Rebellion
13%
終わりと始まり The End and the Beginning Haikyū!!
13%
再会のスターティングブロック! Starting Block of Reunions! Free!
12%
バカとクラスと召喚戦争 Idiots, Classes, and a Summoning War Baka and Test
8%
あの娘はかわいいもち屋の娘 That Girl is the Cute Daughter of a Mochi Shop Owner Tamako Market
8%
ワグナリアへようこそ♪小鳥遊、働く。 Welcome to Wagnaria: Takanashi Works. Working!!
8%
魔王拾いました I Picked Up the Demon King Beelzebub
6%
ヤクソク The Promise Nisekoi
6%
開口一番 Exit 1, First Words Durarara!!
5%
邂逅の…邪王真眼 Chance Encounter with… the Wicked Eye Love, Chunibyo, & Other Delusions
5%
チー、迷子になる。 Chi Gets Lost. Chi's Sweet Home
4%
大災害 The Apocalypse Log Horizon
4%
つっぱしる女 The Girl Who Dashes Off Lucky Star
4%
南さんちの三姉妹 The Three Minami Sisters Minami-ke
4%
カーマイン Carmine Beyond the Boundary
3%
舞い降りた少女 The Girl Who Fell From the Sky To LOVE-Ru
3%
運命は、英語で言うとデスティニー In English, 'Unmei' Means 'Destiny' Hayate the Combat Butler
2%
気づいた時には始まっていたという話 By the Time we Realised It, It Had Already Begun. Kokoro Connect
2%
1月11日 冬のコラージュ January 11: Winter Collage Hidamari Sketch
1%
プロローグ Prologue Kimi ni Todoke
1%
運命のベルが鳴る The Bell of Fate Tolls Mawaru Penguindrum
1%
きおつけよう 人の呼び方 その理由 Be Careful About How You Refer to Someone and Why Servant x Service
1%
お台場、沈む Odaiba Sinks Tokyo Magnitude 8.0
1%
ヒツゼン The Inevitable xxxHolic
1%
中学デビュー! Middle School Debut! YuruYuri
1%
消せない夢 The Indelible Dream AKB0048
0%
アコガレ Longing Amagami SS
0%
花火 Fireworks Glasslip
0%
ようこそハイスクール Welcome to High School Sound! Euphonium
0%
駄弁る生徒会 Student Council Chats Student Council's Discretion
0%
これからが彼女たちのはじまり This Is Where the Girls Start The Idolm@ster
0%
静かある始動 A Quiet Beginning Wake Up, Girls!
0%
No matching quizzes found
Score Distribution
Percent of People with Each Score
Percentile by Number Answered
Your Score History
You have not taken this quiz